<?xml version="1.0" encoding="UTF-8"?>
<record
    xmlns:xsi="http://www.w3.org/2001/XMLSchema-instance"
    xsi:schemaLocation="http://www.loc.gov/MARC21/slim http://www.loc.gov/standards/marcxml/schema/MARC21slim.xsd"
    xmlns="http://www.loc.gov/MARC21/slim">

  <leader>01125nam2a22002291  4500</leader>
  <controlfield tag="001">RU\NLR\A1SV\108523</controlfield>
  <controlfield tag="005">20251203152403.2</controlfield>
  <datafield tag="035" ind1=" " ind2=" ">
    <subfield code="a">(NLR Aleph) 009789876</subfield>
  </datafield>
  <datafield tag="090" ind1=" " ind2=" ">
    <subfield code="a">13486773</subfield>
    <subfield code="c">13486773</subfield>
  </datafield>
  <datafield tag="100" ind1=" " ind2=" ">
    <subfield code="a">20101103d1927    u  y0rusy50      ca</subfield>
  </datafield>
  <datafield tag="101" ind1="0" ind2=" ">
    <subfield code="a">rus</subfield>
  </datafield>
  <datafield tag="200" ind1="1" ind2=" ">
    <subfield code="a">&#x413;&#x440;&#x435;&#x448;&#x43D;&#x438;&#x446;&#x430;</subfield>
    <subfield code="d">(La p&#xE9;cheresse)</subfield>
    <subfield code="e">&#x41F;&#x43E;&#x432;&#x435;&#x441;&#x442;&#x44C; &#x43E; &#x43B;&#x44E;&#x431;&#x432;&#x438;</subfield>
    <subfield code="f">&#x41F;&#x435;&#x440;. &#x438; &#x43F;&#x440;&#x435;&#x434;&#x438;&#x441;&#x43B;. &#x41C;.&#x41B;&#x43E;&#x437;&#x438;&#x43D;&#x441;&#x43A;&#x43E;&#x433;&#x43E;</subfield>
  </datafield>
  <datafield tag="210" ind1=" " ind2=" ">
    <subfield code="d">1927</subfield>
  </datafield>
  <datafield tag="215" ind1=" " ind2=" ">
    <subfield code="a">373 &#x441;.</subfield>
  </datafield>
  <datafield tag="461" ind1=" " ind2="1">
    <subfield code="1">001RU\NLR\A1SV\108510</subfield>
    <subfield code="1">2000#$a&#x421;&#x43E;&#x431;&#x440;&#x430;&#x43D;&#x438;&#x435; &#x441;&#x43E;&#x447;&#x438;&#x43D;&#x435;&#x43D;&#x438;&#x439; &#x410;&#x43D;&#x440;&#x438; &#x434;&#x435; &#x420;&#x435;&#x43D;&#x44C;&#x435;$e&#x412; 17 [19!] &#x442;.$e&#x41F;&#x435;&#x440;. &#x441; &#x444;&#x440;.$f&#x410;&#x43D;&#x440;&#x438; &#x434;&#x435; &#x420;&#x435;&#x43D;&#x44C;&#x435;$g&#x41F;&#x43E;&#x434; &#x43E;&#x431;&#x449;. &#x440;&#x435;&#x434;. &#x41C;.&#x410;.&#x41A;&#x443;&#x437;&#x43C;&#x438;&#x43D;&#x430;, &#x410;.&#x410;.&#x421;&#x43C;&#x438;&#x440;&#x43D;&#x43E;&#x432;&#x430; &#x438; &#x424;&#x435;&#x434;. &#x421;&#x43E;&#x43B;&#x43E;&#x433;&#x443;&#x431;&#x430;$v17</subfield>
    <subfield code="1">700#1$a&#x420;&#x435;&#x43D;&#x44C;&#x435;$b&#x410;. &#x434;&#x435;$f1864-1936$g&#x410;&#x43D;&#x440;&#x438; &#x434;&#x435;</subfield>
    <subfield code="9">10131863</subfield>
    <subfield code="a">&#x420;&#x435;&#x43D;&#x44C;&#x435;, &#x410;. &#x434;&#x435; (1864-1936)</subfield>
    <subfield code="c">&#x41B;.</subfield>
    <subfield code="d">1923-1927</subfield>
    <subfield code="f">&#x410;&#x43D;&#x440;&#x438; &#x434;&#x435; &#x420;&#x435;&#x43D;&#x44C;&#x435;</subfield>
    <subfield code="n">Academia</subfield>
    <subfield code="o">&#x412; 17 [19!] &#x442;. : &#x41F;&#x435;&#x440;. &#x441; &#x444;&#x440;.</subfield>
    <subfield code="t">&#x421;&#x43E;&#x431;&#x440;&#x430;&#x43D;&#x438;&#x435; &#x441;&#x43E;&#x447;&#x438;&#x43D;&#x435;&#x43D;&#x438;&#x439; &#x410;&#x43D;&#x440;&#x438; &#x434;&#x435; &#x420;&#x435;&#x43D;&#x44C;&#x435;</subfield>
    <subfield code="v">17</subfield>
  </datafield>
  <datafield tag="801" ind1=" " ind2="0">
    <subfield code="a">RU</subfield>
    <subfield code="b">NLR</subfield>
    <subfield code="c">20101103</subfield>
  </datafield>
  <datafield tag="852" ind1=" " ind2=" ">
    <subfield code="a">NLR</subfield>
    <subfield code="j">17.122.3.4(17)</subfield>
  </datafield>
  <datafield tag="852" ind1=" " ind2=" ">
    <subfield code="a">NLR</subfield>
    <subfield code="j">&#x41B;60 &#x412;-1/44(17)</subfield>
  </datafield>
  <datafield tag="942" ind1=" " ind2=" ">
    <subfield code="c">BOOK</subfield>
  </datafield>
  <datafield tag="980" ind1=" " ind2=" ">
    <subfield code="a">A1SV</subfield>
  </datafield>
  <datafield tag="980" ind1=" " ind2=" ">
    <subfield code="a">NB</subfield>
  </datafield>
</record>
